Elektronika v kostce
Salvato in:
| Autore principale: | |
|---|---|
| Natura: | Libro |
| Lingua: | ceco |
| Pubblicazione: |
Praha :
BEN - technická literatura,
1999
|
| Soggetti: | |
| Tags: |
Nessun Tag, puoi essere il primo ad aggiungerne!!
|
MARC
| LEADER | 00000nam a22000003a 4500 | ||
|---|---|---|---|
| 001 | stu91023 | ||
| 005 | 20150617225625.4 | ||
| 008 | 041014s1999----xr------------------cze-d | ||
| 020 | |a 80-86056-80-5 | ||
| 040 | |a STU |b slo | ||
| 041 | 0 | |a cze | |
| 044 | |a xr | ||
| 080 | |a 621.38.049 | ||
| 080 | |a 621.382 | ||
| 080 | |a 681.32 | ||
| 100 | 1 | |a Peček, Jiří |4 aut | |
| 245 | 1 | |a Elektronika v kostce | |
| 260 | |a Praha : |b BEN - technická literatura, |c 1999 | ||
| 300 | |a 111 s | ||
| 650 | 7 | |a elektronika |2 stusub | |
| 650 | 7 | |a polovodiče |2 stusub | |
| 650 | 7 | |a číslicové obvody |2 stusub | |
| 996 | |b 284EK85358 |c E*85358 |l EE11 |s P |a 0 |w stu91023_0001 | ||